| 000 | 00579nam a2200169 4500 | ||
|---|---|---|---|
| 001 | 126715 | ||
| 003 | ES-MaACL | ||
| 005 | 20230906192851.0 | ||
| 007 | t| | ||
| 008 | 070214m19451946sp r ||||1| spa d | ||
| 245 | 0 | 0 |
_aResumen estadístico _b: suplemento al `Boletín del Ayuntamiento de Madrid`. |
| 260 |
_aMadrid : _bArtes Gráficas Municipales, _c1945-46. |
||
| 300 |
_a1 v. ; _c27 cm. |
||
| 500 | _aPrecede al tít.: Ayuntamiento de Madrid, Sección de Estadística. | ||
| 710 | 1 |
_aMadrid. _bAyuntamiento. _bSección de Estadística. _95584 |
|
| 852 |
_aES-MaACL _jC-13335 |
||
| 999 |
_c126715 _d126715 |
||